00490 2200193 4500001002100000005001500021008004100036035001900077041000700096082001100103090001700114100001100131700001100142245005200153260003100205300003100236500001200267650001700279INLIS00000000001962320241224115732241224||||||||| | ||| |||| || |  0010-1224019623 aid0 a582.12 a582.12 YOH t0 aYohana0 aYovita00aTanaman Obat Keluarga dan Pengobatan Alternatif aJakartabSetia Kawanc2010 a19x13 cm, 142 hlm.; ilus.: aCet. 13 0aTanaman Obat